Statistics for Most Interceptions Thrown by an NFL QB

Click here to take the quiz!

General Stats

  • This quiz has been taken 3,048 times
    (2,049 since last reset)
  • The average score is 7 of 22

Answer Stats

INTTeamPlayer% Correct
336GBBrett Favre
98%
241NYGEli Manning
86%
251INDPeyton Manning
86%
235NODrew Brees
78%
252MIADan Marino
54%
226DENJohn Elway
47%
210PITTerry Bradshaw
45%
220NYJJoe Namath
39%
242SDDan Fouts
36%
266MINFran Tarkenton
36%
233HOUWarren Moon
30%
222OAKKen Stabler
28%
267TAMVinny Testaverde
22%
253BALJohnny Unitas
20%
277OAKGeorge Blanda
14%
243DETBobby Layne
8%
247STLJim Hart
5%
224SFJohn Brodie
5%
268SDJohn Hadl
5%
248SFY.A. Tittle
5%
257PHINorm Snead
1%
220BOSBabe Parilli
0%

Score Distribution

Percentile by Number Answered

Percent of People with Each Score

Your Score History

You have not taken this quiz since the last reset